Central Time Zone States - Statistics

General Stats
  • This quiz has been taken 34 times
  • The average score is 16 of 18
Answer Stats
State % Correct
Arkansas
96%
Minnesota
96%
Texas
96%
Indiana
92%
Kentucky
92%
Missouri
92%
Tennessee
92%
Wisconsin
92%
Illinois
88%
Iowa
88%
Kansas
88%
North Dakota
88%
Oklahoma
88%
South Dakota
88%
Alabama
83%
Nebraska
83%
Mississippi
79%
Louisiana
75%
No matching quizzes found
Score Distribution
Percent of People with Each Score
Percentile by Number Answered
Your Score History
You have not taken this quiz